Consolidation characteristics of granular soils /

Saved in:
Bibliographic Details
Main Author: Hassib, Mohamed Hassan, 1912-
Format: Book
Language:English
Published: New York : [s.n.], 1951.
Subjects:
Tags: Add Tag
No Tags, Be the first to tag this record!
LEADER 00719cam a2200241Ia 4500
001 007061663-9
005 20020606163548.3
008 890905r19511951nyua b 000 0 eng d
035 0 |a ocm20300456 
040 |a AFM  |c AFM  |d MCS 
050 4 |a TA735  |b .H38 
090 |a TH2101  |b 140 
100 1 |a Hassib, Mohamed Hassan,  |d 1912- 
245 1 0 |a Consolidation characteristics of granular soils /  |c by Mohamed Hassan Hassib. 
260 |a New York :  |b [s.n.],  |c 1951. 
300 |a 67 p. :  |b ill. 
500 |a Includes synopsis and vita. 
502 |a Thesis (Ph. D.)--Columbia University, 1951. 
504 |a Bibliography: p. [66]-67. 
650 0 |a Soil consolidation. 
650 0 |a Soil mechanics. 
988 |a 20020608 
906 |0 OCLC